| 000 | 00377nam a22001577a 4500 | ||
|---|---|---|---|
| 005 | 20260617090103.0 | ||
| 020 | _a978-81-991893-4-8 | ||
| 041 | _aEnglish | ||
| 082 | _a001 R26 CHO | ||
| 100 | _aCholan Publications | ||
| 245 | _aTNPSC-International Organization (Tamil) | ||
| 260 |
_aChennai _bCholan Publications _c2026 |
||
| 300 | _a95 | ||
| 365 | _b195.00 | ||
| 942 | _cBK | ||
| 999 |
_c177901 _d177901 |
||